日豊本線の特急型車両がとまる駅 - Statistics

General Stats
  • This quiz has been taken 27 times
    25 since last reset
  • The average score is 32 of 50
Answer Stats
Hint Answer % Correct
JF10/他社線接続駅/全停車駅 行橋
100%
全停車駅/始発・終着の特急あり 中津
100%
始発・終着の特急あり 別府
100%
分岐駅/始発・終着の特急あり 大分
100%
始発・終着の特急あり 延岡
100%
全停車駅/始発・終着の特急あり 宮崎
100%
分岐駅/全停車駅 都城
100%
宇佐
96%
始発・終着の特急あり 佐伯
96%
全停車駅 鹿児島
96%
杵築
91%
日向市
91%
臼杵
87%
分岐駅/全停車駅/始発・終着の特急あり 南宮崎
87%
分岐駅/全停車駅 隼人
87%
始発・終着の特急あり 国分
83%
津久見
78%
柳ヶ浦
74%
鶴崎
74%
南延岡
74%
高鍋
74%
JF07 朽網
70%
全停車駅 霧島神宮
70%
都農
65%
佐土原
65%
宮崎神宮
65%
JF16 宇島
61%
幸崎
61%
JF06 下曽根
57%
亀川
57%
全停車駅 西都城
57%
姶良
57%
門川
52%
大在
48%
重岡
48%
宗太郎
48%
全停車駅 加治木
39%
帖佐
39%
北延岡
39%
全停車駅 清武
35%
田野
35%
三股
35%
重富
35%
山之口
30%
直川
30%
北川
30%
直見
26%
市棚
22%
日向長井
22%
上岡
17%
No matching quizzes found
Score Distribution
Percent of People with Each Score
Percentile by Number Answered
Your Score History
You have not taken this quiz since the last reset